Normal view
MARC view
- الادباء الاردنيون - تراجم - مؤتمرات - ياغي، هاشم -1921 - مؤتمرات
Entry Topical Term
001 - CONTROL NUMBER
- control field: 46297
003 - CONTROL NUMBER IDENTIFIER
- control field: JO-AjAnu
005 - DATE AND TIME OF LATEST TRANSACTION
- control field: 20230606081642.0
008 - FIXED-LENGTH DATA ELEMENTS
- fixed length control field: 230606|| aca||aabn | a|a d
040 ## - CATALOGING SOURCE
- Original cataloging agency: JO-AjAnu
- Transcribing agency: JO-AjAnu
150 ## - HEADING--TOPICAL TERM
- Topical term or geographic name entry element: الادباء الاردنيون - تراجم - مؤتمرات - ياغي، هاشم -1921 - مؤتمرات
670 ## - SOURCE DATA FOUND
- Source citation: Work cat.: (JO-AjAnu)23697: ندوة هاشم ياغي (2009): عمان - الاردن، مؤسسة عبد الحميد شومان؛ مراجعة وتقديم خليل الشيخ, author 46296, هاشم ياغي: أكاديميا، وناقدا، وإنسانا